Countries by Alpha-3 Code - Statistics

General Stats
  • This quiz has been taken 10 times
  • The average score is 11 of 18
Answer Stats
Hint Answer % Correct
AUT Austria
100%
GEO Georgia
88%
DEU Germany
88%
TON Tonga
88%
ISL Iceland
75%
NRU Nauru
75%
ROU Romania
75%
BFA Burkina Faso
63%
PLW Palau
63%
ZAF South Africa
63%
KHM Cambodia
50%
MYS Malaysia
50%
MKD North Macedonia
50%
LKA Sri Lanka
50%
COD Democratic Republic of the Congo
38%
WSM Samoa
38%
SLE Sierra Leone
38%
SSD South Sudan
38%
No matching quizzes found
Score Distribution
Percent of People with Each Score
Percentile by Number Answered
Your Score History
You have not taken this quiz